[Event "British Rapidplay Championship 2023"]
[Site "Mercure Bradford, Bankfield Hotel"]
[Date "2023.04.16"]
[Round "11.30"]
[White "Convalle, Pietro"]
[Black "Gorrell, Elinor"]
[Result "1-0"]
[TimeControl "All moves in 15 minutes plus 10 second increment per move from move 1"]
[WhiteElo "1481"]
[BlackElo "1348"]

1. d4 {[%clk 00:15:19]} d5 {[%clk 00:15:19]} {[%emt 00:00:02]} 2. Bf4 {[%clk
00:15:27]} {[%emt 00:00:01]} Nf6 {[%clk 00:15:25]} {[%emt 00:00:05]} 3. Nd2
{[%clk 00:15:34]} {[%emt 00:00:03]} Bf5 {[%clk 00:15:27]} {[%emt 00:00:08]} 4.
Ngf3 {[%clk 00:15:37]} {[%emt 00:00:07]} e6 {[%clk 00:15:32]} {[%emt 00:00:06]}
5. e3 {[%clk 00:15:44]} {[%emt 00:00:03]} c5 {[%clk 00:15:33]} {[%emt
00:00:09]} 6. c3 {[%clk 00:15:31]} {[%emt 00:00:23]} Nc6 {[%clk 00:15:37]}
{[%emt 00:00:06]} 7. Bb5 {[%clk 00:15:30]} {[%emt 00:00:11]} cxd4 {[%clk
00:15:39]} {[%emt 00:00:09]} 8. cxd4 {[%clk 00:15:34]} {[%emt 00:00:05]} a6
{[%clk 00:15:44]} {[%emt 00:00:05]} 9. Be2 {[%clk 00:15:19]} {[%emt 00:00:25]}
Bd6 {[%clk 00:15:46]} {[%emt 00:00:08]} 10. Bg3 {[%clk 00:15:05]} {[%emt
00:00:23]} Rc8 {[%clk 00:15:40]} {[%emt 00:00:16]} 11. Ne5 {[%clk 00:15:04]}
{[%emt 00:00:11]} Qc7 {[%clk 00:13:49]} {[%emt 00:02:02]} 12. Rc1 {[%clk
00:14:59]} {[%emt 00:00:15]} Qb6 {[%clk 00:12:12]} {[%emt 00:01:47]} 13. Nxf7
{[%clk 00:13:13]} {[%emt 00:01:56]} Kxf7 {[%clk 00:12:08]} {[%emt 00:00:14]} 14.
Bxd6 {[%clk 00:13:20]} {[%emt 00:00:04]} Qxb2 {[%clk 00:10:31]} 15. Ra1 {[%clk
00:11:17]} {[%emt 00:03:59]} Rhd8 {[%clk 00:09:23]} {[%emt 00:01:18]} 16. Bg3
{[%clk 00:10:47]} {[%emt 00:00:39]} Nb4 {[%clk 00:08:23]} {[%emt 00:01:11]} 17.
O-O {[%clk 00:09:17]} {[%emt 00:01:40]} Nxa2 {[%clk 00:07:29]} {[%emt
00:01:04]} 18. Qb3 {[%clk 00:07:30]} {[%emt 00:01:57]} Qxb3 {[%clk 00:06:34]}
{[%emt 00:01:05]} 19. Nxb3 {[%clk 00:07:37]} {[%emt 00:00:02]} Nc3 {[%clk
00:06:22]} {[%emt 00:00:22]} 20. Bf3 {[%clk 00:07:07]} {[%emt 00:00:40]} Nce4
{[%clk 00:06:05]} {[%emt 00:00:28]} 21. Na5 {[%clk 00:06:13]} {[%emt 00:01:04]}
Rd7 {[%clk 00:05:18]} {[%emt 00:00:56]} 22. Be5 {[%clk 00:04:50]} {[%emt
00:01:33]} Nd2 {[%clk 00:05:09]} {[%emt 00:00:20]} 23. Rfd1 {[%clk 00:04:41]}
{[%emt 00:00:19]} Nxf3+ {[%clk 00:05:16]} {[%emt 00:00:02]} 24. gxf3 {[%clk
00:04:48]} {[%emt 00:00:02]} b6 {[%clk 00:04:24]} {[%emt 00:01:03]} 25. Nb3
{[%clk 00:04:49]} {[%emt 00:00:09]} a5 {[%clk 00:04:23]} {[%emt 00:00:11]} 26.
Rdc1 {[%clk 00:04:52]} {[%emt 00:00:07]} Rdd8 {[%clk 00:04:22]} {[%emt
00:00:11]} 27. Bc7 {[%clk 00:04:46]} {[%emt 00:00:15]} Rd7 {[%clk 00:03:57]}
{[%emt 00:00:35]} 28. Bxb6 {[%clk 00:04:51]} {[%emt 00:00:05]} Rb8 {[%clk
00:04:04]} {[%emt 00:00:04]} 29. Nc5 {[%clk 00:04:52]} {[%emt 00:00:08]} Rxb6
{[%clk 00:03:33]} {[%emt 00:00:41]} 30. Nxd7 {[%clk 00:05:00]} {[%emt
00:00:02]} Nxd7 {[%clk 00:03:42]} {[%emt 00:00:01]} 31. Rxa5 {[%clk 00:05:09]}
{[%emt 00:00:01]} Nb8 {[%clk 00:03:22]} {[%emt 00:00:30]} 32. Rc7+ {[%clk
00:04:56]} {[%emt 00:00:23]} Kf6 {[%clk 00:03:17]} {[%emt 00:00:15]} 33. Raa7
{[%clk 00:04:28]} {[%emt 00:00:38]} g5 {[%clk 00:01:41]} {[%emt 00:01:46]} 34.
Rf7+ {[%clk 00:04:33]} {[%emt 00:00:05]} Kg6 {[%clk 00:01:50]} {[%emt
00:00:02]} 35. Kg2 {[%clk 00:03:56]} {[%emt 00:00:47]} Kh6 {[%clk 00:01:35]}
{[%emt 00:00:24]} 36. Rf6+ {[%clk 00:03:03]} {[%emt 00:01:02]} Bg6 {[%clk
00:00:48]} {[%emt 00:00:57]} 37. f4 {[%clk 00:02:16]} {[%emt 00:00:58]} gxf4
{[%clk 00:00:33]} {[%emt 00:00:26]} 38. Rxf4 {[%clk 00:02:24]} {[%emt
00:00:01]} Nc6 {[%clk 00:00:31]} {[%emt 00:00:12]} 39. Rc7 {[%clk 00:02:17]}
{[%emt 00:00:16]} Nb4 {[%clk 00:00:35]} {[%emt 00:00:07]} 40. Rh4+ {[%clk
00:02:08]} {[%emt 00:00:19]} Bh5 {[%clk 00:00:44]} {[%emt 00:00:01]} 41. Rf4
{[%clk 00:01:22]} {[%emt 00:00:55]} Nd3 {[%clk 00:00:50]} {[%emt 00:00:04]} 42.
Rf6+ {[%clk 00:01:24]} {[%emt 00:00:09]} Bg6 {[%clk 00:00:59]} 43. Re7 {[%clk
00:01:05]} {[%emt 00:00:28]} Kh5 {[%clk 00:00:34]} {[%emt 00:00:36]} 44. Rexe6
{[%clk 00:01:12]} {[%emt 00:00:03]} Rxe6 {[%clk 00:00:32]} {[%emt 00:00:12]} 45.
Rxe6 {[%clk 00:01:21]} {[%emt 00:00:01]} Be4+ {[%clk 00:00:41]} {[%emt
00:00:01]} 46. Kg3 {[%clk 00:01:17]} {[%emt 00:00:14]} Kg5 {[%clk 00:00:32]}
{[%emt 00:00:20]} 47. h4+ {[%clk 00:01:08]} {[%emt 00:00:18]} Kf5 {[%clk
00:00:40]} {[%emt 00:00:02]} 48. Re8 {[%clk 00:00:38]} {[%emt 00:00:39]} Kf6
{[%clk 00:00:42]} {[%emt 00:00:09]} 49. Rd8 {[%clk 00:00:36]} {[%emt 00:00:11]}
Kg6 {[%clk 00:00:49]} {[%emt 00:00:04]} 50. f3 {[%clk 00:00:40]} {[%emt
00:00:06]} Bf5 {[%clk 00:00:51]} {[%emt 00:00:08]} 51. Rxd5 {[%clk 00:00:46]}
{[%emt 00:00:03]} Nb4 {[%clk 00:00:44]} {[%emt 00:00:18]} 52. Rd6+ {[%clk
00:00:45]} {[%emt 00:00:11]} Kg7 {[%clk 00:00:49]} {[%emt 00:00:06]} 53. e4
{[%clk 00:00:52]} {[%emt 00:00:02]} Bg6 {[%clk 00:00:56]} {[%emt 00:00:03]} 54.
Kf4 {[%clk 00:00:51]} {[%emt 00:00:10]} Nd3+ {[%clk 00:00:54]} {[%emt
00:00:13]} 55. Ke3 {[%clk 00:00:48]} {[%emt 00:00:13]} Ne1 {[%clk 00:00:56]}
{[%emt 00:00:08]} 56. Rd7+ {[%clk 00:00:39]} {[%emt 00:00:19]} Kh6 {[%clk
00:01:03]} {[%emt 00:00:03]} 57. Kf2 {[%clk 00:00:27]} {[%emt 00:00:21]} Nd3+
{[%emt 00:00:06]} 58. Ke2 {[%clk 00:00:32]} {[%emt 00:00:03]} Nf4+ {[%clk
00:01:16]} {[%emt 00:00:05]} 59. Ke3 {[%clk 00:00:33]} {[%emt 00:00:08]} Ng2+
{[%clk 00:01:24]} {[%emt 00:00:01]} 60. Kd3 {[%clk 00:00:36]} {[%emt 00:00:07]}
Nxh4 {[%clk 00:01:33]} {[%emt 00:00:02]} 61. d5 {[%emt 00:00:17]} Be8 {[%clk
00:01:18]} {[%emt 00:00:11]} 62. Rd6+ {[%clk 00:00:49]} {[%emt 00:00:04]} Kg5
{[%clk 00:01:24]} {[%emt 00:00:04]} 63. Ke3 {[%clk 00:00:49]} {[%emt 00:00:10]}
Bh5 {[%clk 00:01:28]} {[%emt 00:00:06]} 64. f4+ {[%clk 00:00:55]} {[%emt
00:00:04]} Kg4 {[%clk 00:01:29]} {[%emt 00:00:10]} 65. Rh6 {[%clk 00:00:47]}
{[%emt 00:00:02]} Ng2+ {[%clk 00:01:30]} {[%emt 00:00:24]} 66. Kd4 {[%clk
00:00:47]} {[%emt 00:00:09]} Nxf4 {[%clk 00:01:38]} {[%emt 00:00:04]} 67. Rxh7
{[%clk 00:00:55]} {[%emt 00:00:02]} Bg6 {[%clk 00:01:24]} {[%emt 00:00:25]} 68.
Rg7 {[%clk 00:00:50]} {[%emt 00:00:13]} Kg5 {[%clk 00:01:24]} {[%emt 00:00:07]}
69. e5 {[%clk 00:00:39]} {[%emt 00:00:25]} Ne2+ {[%clk 00:00:39]} {[%emt
00:00:56]} 70. Kc5 {[%clk 00:00:36]} {[%emt 00:00:13]} Kh6 {[%clk 00:00:34]}
{[%emt 00:00:16]} 71. Rxg6+ {[%clk 00:00:39]} {[%emt 00:00:06]} Kxg6 {[%clk
00:00:42]} {[%emt 00:00:02]} 72. d6 {[%clk 00:00:48]} 1-0

[Event "British Rapidplay Championship 2023"]
[Site "Mercure Bradford, Bankfield Hotel"]
[Date "2023.04.16"]
[Round "11.31"]
[White "Jones, Simon"]
[Black "Weldon, James"]
[Result "0-1"]
[TimeControl "All moves in 15 minutes plus 10 second increment per move from move 1"]
[WhiteElo "1336"]
[BlackElo "1455"]

1. c4 {[%clk 00:15:17]} {[%emt 00:00:03]} g6 {[%clk 00:15:16]} {[%emt
00:00:04]} 2. Nc3 {[%clk 00:15:23]} {[%emt 00:00:04]} Bg7 {[%clk 00:15:25]}
{[%emt 00:00:02]} 3. g3 {[%clk 00:15:30]} {[%emt 00:00:02]} c6 {[%clk
00:15:21]} {[%emt 00:00:15]} 4. Bg2 {[%clk 00:15:29]} {[%emt 00:00:11]} e6
{[%clk 00:15:28]} {[%emt 00:00:03]} 5. e3 {[%clk 00:14:48]} {[%emt 00:00:50]}
Na6 {[%clk 00:14:49]} {[%emt 00:00:50]} 6. Nge2 {[%clk 00:14:32]} {[%emt
00:00:25]} Nf6 {[%clk 00:14:26]} {[%emt 00:00:33]} 7. O-O {[%clk 00:14:37]}
{[%emt 00:00:06]} Nc7 {[%clk 00:14:28]} {[%emt 00:00:08]} 8. b3 {[%clk
00:14:02]} {[%emt 00:00:45]} d5 {[%clk 00:14:36]} {[%emt 00:00:02]} 9. d3
{[%clk 00:13:02]} {[%emt 00:01:10]} b5 {[%clk 00:13:14]} {[%emt 00:01:32]} 10.
Ba3 {[%clk 00:11:50]} {[%emt 00:01:23]} bxc4 {[%clk 00:13:19]} {[%emt
00:00:04]} 11. dxc4 {[%clk 00:11:36]} {[%emt 00:00:24]} Ne4 {[%clk 00:13:06]}
{[%emt 00:00:23]} 12. Qc2 {[%clk 00:10:56]} {[%emt 00:00:50]} Nxc3 {[%clk
00:12:55]} {[%emt 00:00:20]} 13. Nxc3 {[%clk 00:11:02]} {[%emt 00:00:04]} Ba6
{[%clk 00:12:59]} {[%emt 00:00:07]} 14. Rfd1 {[%clk 00:10:45]} {[%emt
00:00:27]} Bb7 {[%clk 00:11:53]} {[%emt 00:01:15]} 15. Rac1 {[%clk 00:09:19]}
{[%emt 00:01:37]} Bf6 {[%clk 00:11:58]} {[%emt 00:00:05]} 16. Ne4 {[%clk
00:08:05]} {[%emt 00:01:24]} Be7 {[%clk 00:12:00]} {[%emt 00:00:07]} 17. Bb2
{[%clk 00:07:45]} {[%emt 00:00:29]} O-O {[%clk 00:12:06]} {[%emt 00:00:04]} 18.
cxd5 {[%clk 00:07:28]} {[%emt 00:00:28]} Nxd5 {[%clk 00:11:01]} {[%emt
00:01:15]} 19. Nf6+ {[%clk 00:06:36]} {[%emt 00:01:01]} Bxf6 {[%clk 00:11:07]}
{[%emt 00:00:05]} 20. Bxf6 {[%clk 00:06:42]} {[%emt 00:00:03]} Qxf6 {[%clk
00:11:14]} {[%emt 00:00:03]} 21. Rd4 {[%clk 00:05:22]} {[%emt 00:01:31]} Rac8
{[%clk 00:10:42]} {[%emt 00:00:41]} 22. Qc5 {[%clk 00:05:15]} {[%emt 00:00:17]}
e5 {[%clk 00:10:04]} {[%emt 00:00:48]} 23. Ra4 {[%clk 00:05:05]} {[%emt
00:00:20]} a6 {[%clk 00:09:54]} {[%emt 00:00:21]} 24. Bh3 {[%clk 00:04:50]}
{[%emt 00:00:25]} Rb8 {[%clk 00:08:36]} {[%emt 00:01:28]} 25. e4 {[%clk
00:04:08]} {[%emt 00:00:51]} Nc7 {[%clk 00:08:30]} {[%emt 00:00:16]} 26. Rd1
{[%clk 00:03:27]} {[%emt 00:00:52]} Rfd8 {[%clk 00:07:49]} {[%emt 00:00:51]} 27.
Rd7 {[%clk 00:03:06]} {[%emt 00:00:31]} Ne6 {[%clk 00:07:43]} {[%emt 00:00:16]}
28. Qd6 {[%clk 00:02:25]} {[%emt 00:00:51]} Rxd7 {[%clk 00:07:20]} {[%emt
00:00:33]} 29. Qxd7 {[%clk 00:02:28]} {[%emt 00:00:07]} Qd8 {[%clk 00:07:21]}
{[%emt 00:00:08]} 30. Bxe6 {[%clk 00:02:10]} {[%emt 00:00:28]} fxe6 {[%clk
00:07:22]} {[%emt 00:00:08]} 31. Qxe6+ {[%clk 00:02:10]} {[%emt 00:00:11]} Kf8
{[%clk 00:07:30]} {[%emt 00:00:02]} 32. Qxe5 {[%clk 00:01:56]} {[%emt
00:00:24]} Qe8 {[%clk 00:07:13]} {[%emt 00:00:27]} 33. Qf6+ {[%clk 00:01:31]}
{[%emt 00:00:35]} Qf7 {[%clk 00:07:13]} {[%emt 00:00:10]} 34. Qh8+ {[%emt
00:00:10]} Qg8 {[%clk 00:07:18]} {[%emt 00:00:01]} 35. Qf6+ {[%clk 00:01:43]}
{[%emt 00:00:02]} Ke8 {[%clk 00:07:03]} {[%emt 00:00:25]} 36. Qe5+ {[%clk
00:01:48]} {[%emt 00:00:06]} Kf7 {[%clk 00:07:10]} {[%emt 00:00:02]} 37. Rd4
{[%clk 00:01:24]} {[%emt 00:00:34]} Qe8 {[%clk 00:07:12]} {[%emt 00:00:02]} 38.
Qc7+ {[%clk 00:01:19]} {[%emt 00:00:22]} Kg8 {[%clk 00:05:39]} {[%emt
00:01:42]} 39. Rd7 {[%clk 00:01:22]} {[%emt 00:00:07]} Qf8 {[%clk 00:05:00]}
{[%emt 00:00:49]} 40. Qe5 {[%clk 00:01:08]} {[%emt 00:00:25]} Re8 {[%clk
00:05:00]} {[%emt 00:00:10]} 41. Qd4 {[%clk 00:00:28]} {[%emt 00:00:50]} Re7
{[%clk 00:04:29]} {[%emt 00:00:41]} 42. Rd8 {[%clk 00:00:24]} {[%emt 00:00:14]}
Re8 {[%clk 00:04:18]} {[%emt 00:00:20]} 43. Qc4+ {[%clk 00:00:24]} {[%emt
00:00:11]} Kg7 {[%clk 00:04:21]} {[%emt 00:00:07]} 44. Qd4+ {[%clk 00:00:14]}
{[%emt 00:00:20]} Kh6 {[%clk 00:04:19]} {[%emt 00:00:12]} 45. Qe3+ {[%clk
00:00:21]} {[%emt 00:00:03]} Kg7 {[%clk 00:04:26]} {[%emt 00:00:02]} 46. Qd4+
{[%clk 00:00:30]} {[%emt 00:00:02]} Kh6 {[%clk 00:03:21]} {[%emt 00:01:15]} 47.
Qe3+ {[%clk 00:00:38]} {[%emt 00:00:01]} g5 {[%clk 00:03:30]} {[%emt 00:00:01]}
48. Rd7 {[%clk 00:00:00]} {[%emt 00:00:40]} 0-1

[Event "British Rapidplay Championship 2023"]
[Site "Mercure Bradford, Bankfield Hotel"]
[Date "2023.04.15"]
[Round "2.1"]
[White "Raynes, Paul"]
[Black "Slinger, AJ (Tony)"]
[Result "1/2-1/2"]
[TimeControl "All moves in 15 minutes plus 10 second increment per move from move 1"]
[WhiteElo "2077"]
[BlackElo "1841"]

1. d4 {[%clk 00:15:18]} {[%emt 00:00:02]} Nf6 {[%clk 00:15:18]} {[%emt
00:00:02]} 2. Bf4 {[%clk 00:15:25]} {[%emt 00:00:03]} d5 {[%clk 00:15:27]}
{[%emt 00:00:02]} 3. e3 {[%clk 00:15:32]} {[%emt 00:00:03]} e6 {[%clk
00:15:35]} {[%emt 00:00:01]} 4. Nd2 {[%clk 00:15:16]} {[%emt 00:00:27]} Bd6
{[%clk 00:15:43]} {[%emt 00:00:02]} 5. Bg3 {[%clk 00:15:20]} {[%emt 00:00:05]}
c5 {[%clk 00:15:51]} {[%emt 00:00:02]} 6. c3 {[%clk 00:15:24]} {[%emt
00:00:06]} O-O {[%clk 00:15:58]} {[%emt 00:00:03]} 7. Ngf3 {[%clk 00:15:28]}
{[%emt 00:00:06]} Qc7 {[%clk 00:16:06]} {[%emt 00:00:02]} 8. Bd3 {[%clk
00:15:10]} {[%emt 00:00:28]} Nbd7 {[%clk 00:16:03]} {[%emt 00:00:13]} 9. O-O
{[%clk 00:14:29]} {[%emt 00:00:52]} e5 {[%clk 00:15:19]} {[%emt 00:00:54]} 10.
dxe5 {[%clk 00:14:10]} {[%emt 00:00:28]} Nxe5 {[%clk 00:15:25]} {[%emt
00:00:04]} 11. Nxe5 {[%clk 00:14:17]} {[%emt 00:00:03]} Bxe5 {[%clk 00:15:33]}
{[%emt 00:00:03]} 12. Qc2 {[%clk 00:13:41]} {[%emt 00:00:46]} Bxg3 {[%clk
00:15:03]} {[%emt 00:00:40]} 13. hxg3 {[%clk 00:13:49]} {[%emt 00:00:01]} Bg4
{[%clk 00:14:52]} {[%emt 00:00:21]} 14. Rfe1 {[%clk 00:13:43]} {[%emt
00:00:16]} Bh5 {[%clk 00:14:39]} {[%emt 00:00:23]} 15. e4 {[%clk 00:12:57]}
{[%emt 00:00:57]} dxe4 {[%clk 00:14:12]} {[%emt 00:00:36]} 16. Nxe4 {[%clk
00:13:05]} {[%emt 00:00:03]} Nxe4 {[%clk 00:14:20]} {[%emt 00:00:02]} 17. Bxe4
{[%clk 00:13:09]} {[%emt 00:00:05]} Bg6 {[%clk 00:14:29]} {[%emt 00:00:01]} 18.
Rad1 {[%clk 00:12:53]} {[%emt 00:00:27]} Rad8 {[%clk 00:13:33]} {[%emt
00:01:06]} 19. Rxd8 {[%clk 00:12:33]} {[%emt 00:00:30]} Rxd8 {[%clk 00:13:41]}
{[%emt 00:00:01]} 20. Bxg6 {[%clk 00:12:15]} {[%emt 00:00:28]} hxg6 {[%clk
00:13:49]} {[%emt 00:00:02]} 21. Qe4 {[%clk 00:11:47]} {[%emt 00:00:38]} b6
{[%clk 00:09:29]} {[%emt 00:04:31]} 22. b3 {[%clk 00:11:33]} {[%emt 00:00:24]}
1/2-1/2

[Event "British Rapidplay Championship 2023"]
[Site "Mercure Bradford, Bankfield Hotel"]
[Date "2023.04.15"]
[Round "2.2"]
[White "May, Paul"]
[Black "Senior, Gary"]
[Result "0-1"]
[TimeControl "All moves in 15 minutes plus 10 second increment per move from move 1"]
[WhiteElo "1860"]
[BlackElo "2069"]

1. d4 {[%clk 00:15:17]} {[%emt 00:00:03]} f5 {[%clk 00:15:18]} {[%emt
00:00:03]} 2. Bg5 {[%clk 00:15:21]} {[%emt 00:00:06]} d5 {[%clk 00:15:10]}
{[%emt 00:00:17]} 3. Nc3 {[%clk 00:14:27]} {[%emt 00:01:04]} Nf6 {[%clk
00:15:16]} {[%emt 00:00:04]} 4. Bxf6 {[%clk 00:14:12]} {[%emt 00:00:25]} exf6
{[%clk 00:15:24]} {[%emt 00:00:03]} 5. e3 {[%clk 00:14:09]} {[%emt 00:00:13]}
Be6 {[%clk 00:15:17]} {[%emt 00:00:17]} 6. Nge2 {[%clk 00:13:12]} {[%emt
00:01:07]} Bf7 {[%clk 00:14:26]} {[%emt 00:01:00]} 7. g3 {[%clk 00:13:04]}
{[%emt 00:00:18]} Qd7 {[%clk 00:14:01]} {[%emt 00:00:35]} 8. Bg2 {[%clk
00:12:51]} {[%emt 00:00:24]} c6 {[%clk 00:13:07]} {[%emt 00:01:04]} 9. a3
{[%clk 00:12:47]} {[%emt 00:00:14]} Bd6 {[%clk 00:12:50]} {[%emt 00:00:26]} 10.
O-O {[%clk 00:12:21]} {[%emt 00:00:36]} Na6 {[%clk 00:11:43]} {[%emt 00:01:18]}
11. Qd3 {[%clk 00:12:24]} {[%emt 00:00:06]} O-O {[%clk 00:11:10]} {[%emt
00:00:43]} 12. Bh3 {[%clk 00:10:59]} {[%emt 00:01:35]} g6 {[%clk 00:10:39]}
{[%emt 00:00:41]} 13. Nf4 {[%clk 00:09:37]} {[%emt 00:01:32]} Rfe8 {[%clk
00:09:37]} {[%emt 00:01:11]} 14. Rfe1 {[%clk 00:08:43]} {[%emt 00:01:05]} Nc7
{[%clk 00:09:00]} {[%emt 00:00:47]} 15. b4 {[%clk 00:07:54]} {[%emt 00:00:59]}
a6 {[%clk 00:08:33]} {[%emt 00:00:37]} 16. Na4 {[%clk 00:07:57]} {[%emt
00:00:08]} Qe7 {[%clk 00:07:47]} {[%emt 00:00:55]} 17. Qd2 {[%clk 00:06:56]}
{[%emt 00:01:12]} Nb5 {[%clk 00:07:18]} {[%emt 00:00:39]} 18. Nd3 {[%clk
00:06:05]} {[%emt 00:01:01]} Bc7 {[%clk 00:06:53]} {[%emt 00:00:34]} 19. Nab2
{[%clk 00:05:27]} {[%emt 00:00:49]} Nd6 {[%clk 00:06:36]} {[%emt 00:00:26]} 20.
f3 {[%clk 00:05:01]} {[%emt 00:00:36]} a5 {[%clk 00:06:06]} {[%emt 00:00:41]}
21. c3 {[%clk 00:05:01]} {[%emt 00:00:10]} axb4 {[%clk 00:05:54]} {[%emt
00:00:22]} 22. cxb4 {[%clk 00:04:56]} {[%emt 00:00:15]} Ra7 {[%clk 00:04:54]}
{[%emt 00:01:10]} 23. Kf2 {[%clk 00:04:47]} {[%emt 00:00:19]} Rea8 {[%clk
00:05:00]} {[%emt 00:00:04]} 24. a4 {[%clk 00:04:46]} {[%emt 00:00:11]} Nc4
{[%clk 00:04:52]} {[%emt 00:00:17]} 25. Nxc4 {[%clk 00:04:28]} {[%emt
00:00:29]} dxc4 {[%clk 00:05:00]} {[%emt 00:00:01]} 26. Nb2 {[%clk 00:04:36]}
{[%emt 00:00:03]} Bd6 {[%clk 00:05:02]} {[%emt 00:00:07]} 27. Rec1 {[%clk
00:03:32]} {[%emt 00:01:15]} Bxb4 {[%clk 00:05:06]} {[%emt 00:00:05]} 28. Qc2
{[%clk 00:03:11]} {[%emt 00:00:30]} b5 {[%clk 00:05:03]} {[%emt 00:00:14]} 29.
Bf1 {[%clk 00:03:03]} {[%emt 00:00:18]} c5 {[%clk 00:04:24]} {[%emt 00:00:49]}
30. d5 {[%clk 00:02:00]} {[%emt 00:01:14]} Bxd5 {[%clk 00:04:15]} {[%emt
00:00:19]} 31. Qd1 {[%clk 00:02:06]} {[%emt 00:00:03]} Bf7 {[%clk 00:02:30]}
{[%emt 00:01:55]} 32. axb5 {[%clk 00:01:45]} {[%emt 00:00:32]} Rxa1 {[%clk
00:02:28]} {[%emt 00:00:12]} 33. Rxa1 {[%clk 00:01:53]} {[%emt 00:00:01]} Re8
{[%clk 00:02:33]} {[%emt 00:00:05]} 34. Nxc4 {[%clk 00:01:50]} {[%emt
00:00:14]} Rd8 {[%clk 00:02:26]} {[%emt 00:00:16]} 35. Qc2 {[%clk 00:01:34]}
{[%emt 00:00:27]} Kg7 {[%clk 00:02:33]} {[%emt 00:00:03]} 36. Rd1 {[%clk
00:01:29]} {[%emt 00:00:15]} Re8 {[%clk 00:02:24]} {[%emt 00:00:18]} 37. Qd3
{[%clk 00:01:08]} {[%emt 00:00:31]} Bxc4 {[%clk 00:02:27]} {[%emt 00:00:08]} 38.
Qxc4 {[%clk 00:00:57]} {[%emt 00:00:21]} Qxe3+ {[%clk 00:02:34]} {[%emt
00:00:03]} 39. Kg2 {[%clk 00:01:00]} {[%emt 00:00:06]} Be1 {[%clk 00:02:24]}
{[%emt 00:00:20]} 40. Rd7+ {[%clk 00:00:38]} {[%emt 00:00:33]} Kh8 {[%clk
00:01:38]} {[%emt 00:00:55]} 41. Qc2 {[%clk 00:00:13]} {[%emt 00:00:35]} Qe6
{[%clk 00:01:30]} {[%emt 00:00:19]} 42. Qd1 {[%clk 00:00:16]} {[%emt 00:00:07]}
g5 {[%clk 00:01:22]} {[%emt 00:00:18]} 43. Rd6 {[%clk 00:00:22]} {[%emt
00:00:03]} Qa2+ {[%clk 00:01:11]} {[%emt 00:00:21]} 44. Kh1 {[%emt 00:00:38]}
Qf2 {[%clk 00:00:58]} {[%emt 00:00:01]} 45. Bg2 {[%clk 00:00:18]} {[%emt
00:00:09]} Ba5 {[%clk 00:01:03]} {[%emt 00:00:05]} {White lost on time} 0-1